[Event "DEM U10/U10w 2008"]
[Site "Willingen GER"]
[Date "2008.05.14"]
[Round "6"]
[White "Müller, Constantin"]
[Black "Bach, Jannik"]
[Result "1-0"]
[Termination "normal"]
[Board "4"]
[WhiteElo "1275"]
[BlackElo "1642"]
[PlyCount "67"]
[WhiteFideId "24697630"]
[BlackFideId "24615900"]
[EventCountry "GER"]
[EventRounds "11"]
[EventType "swiss"]
[EventDate "2008.05.10"]

1. e4 g6 2. d4 Bg7 3. Nf3 c5 4. c4 Qa5+ 5. Nc3 Nc6 6. d5 Nd4 7. Bd2 Qd8 8. Bd3
d6 9. h3 Nxf3+ 10. Qxf3 Nf6 11. O-O O-O 12. Qe2 Nd7 13. f4 e6 14. Rae1 exd5 15.
exd5 Nf6 16. f5 Bd7 17. fxg6 fxg6 18. Ne4 Nxe4 19. Bxe4 a6 20. b3 b5 21. Bf4
Qb6 22. Qd2 Rae8 23. Bd3 b4 24. Qc1 a5 25. Bh6 Rxe1 26. Rxe1 Bd4+ 27. Kh1 Re8
28. Rf1 Bg7 29. Qf4 Bxh6 30. Qxh6 Qd8 31. Bxg6 hxg6 32. Qxg6+ Kh8 33. Rf7 Qh4
34. Qg7# 1-0

[Event "DEM U10/U10w 2008"]
[Site "Willingen GER"]
[Date "2008.05.14"]
[Round "6"]
[White "Bilchinski, Anton"]
[Black "Keller, Peter"]
[Result "1/2-1/2"]
[Termination "normal"]
[Board "5"]
[WhiteElo "1477"]
[BlackElo "1217"]
[PlyCount "116"]
[WhiteFideId "24615765"]
[BlackFideId "1272105"]
[EventCountry "GER"]
[EventRounds "11"]
[EventType "swiss"]
[EventDate "2008.05.10"]

1. d4 g6 2. c4 Nf6 3. Nc3 Bg7 4. e4 O-O 5. e5 Ne8 6. f4 d6 7. Nf3 Nd7 8. Be2 c5
9. exd6 Nxd6 10. Be3 cxd4 11. Bxd4 Bxd4 12. Qxd4 Nf5 13. Qd2 Nb6 14. Qxd8 Rxd8
15. Kf2 Be6 16. b3 Nd4 17. Nxd4 Rxd4 18. g3 a6 19. Rad1 Rad8 20. Rxd4 Rxd4 21.
Rd1 Rxd1 22. Bxd1 Kf8 23. Ne4 Nd7 24. Ke3 h6 25. h4 b6 26. Kd4 f5 27. Nf2 Kg7
28. Bf3 Kf6 29. Nh3 a5 30. a3 Nc5 31. b4 axb4 32. axb4 Na6 33. c5 b5 34. c6 Bc4
35. Kc3 Ke6 36. Nf2 Bd5 37. Bxd5+ Kxd5 38. Nd3 Kxc6 39. Ne5+ Kd5 40. Nxg6 e6
41. Ne5 Ke4 42. h5 Nc7 43. Nf7 Nd5+ 44. Kb3 Kf3 45. Nxh6 Nf6 46. Nf7 Nxh5 47.
Ng5+ Kxg3 48. Nxe6 Nxf4 49. Nd4 Kg4 50. Nxb5 Nd5 51. Nd4 f4 52. Kc4 Ne3+ 53.
Kc5 Nf5 54. Nxf5 Kxf5 55. b5 Ke6 56. Kd4 Kd6 57. Ke4 Kc5 58. Kxf4 Kxb5 1/2-1/2

[Event "DEM U10/U10w 2008"]
[Site "Willingen GER"]
[Date "2008.05.14"]
[Round "6"]
[White "Manusina, Nicole"]
[Black "Riasanow, Nikita"]
[Result "1-0"]
[Termination "normal"]
[Board "6"]
[WhiteElo "1601"]
[BlackElo "1259"]
[PlyCount "105"]
[WhiteFideId "24657514"]
[EventCountry "GER"]
[EventRounds "11"]
[EventType "swiss"]
[EventDate "2008.05.10"]

1. e4 e6 2. d4 d5 3. Nd2 Nf6 4. e5 Nfd7 5. Bd3 c5 6. c3 Nc6 7. Ne2 cxd4 8. cxd4
f6 9. exf6 Nxf6 10. Nf3 Bd6 11. Bf4 Qc7 12. Bxd6 Qxd6 13. a3 Bd7 14. O-O Rc8
15. b4 a6 16. Re1 O-O 17. Ng3 Ne7 18. Ne5 Nf5 19. Nxf5 exf5 20. Rc1 Ne4 21. f3
Nf6 22. Qd2 Qb6 23. Bb1 Rce8 24. Ba2 Bb5 25. Rc5 Qd6 26. Rec1 Re7 27. Bb3 b6
28. R5c2 a5 29. a4 Be8 30. bxa5 bxa5 31. Qxa5 Kh8 32. Qc5 Qxc5 33. Rxc5 Rb7 34.
Bxd5 Nxd5 35. Rxd5 Bxa4 36. Ra5 Be8 37. d5 Rb6 38. Ra8 Kg8 39. Rcc8 h6 40. Rxe8
Rxe8 41. Rxe8+ Kh7 42. Re6 Rb8 43. d6 Rd8 44. d7 Rb8 45. Re8 Rb1+ 46. Kf2 Rb2+
47. Kg3 g5 48. d8=Q f4+ 49. Kh3 g4+ 50. fxg4 Rb3+ 51. Kh4 Rh3+ 52. gxh3 f3 53.
Qe7# 1-0

[Event "DEM U10/U10w 2008"]
[Site "Willingen GER"]
[Date "2008.05.14"]
[Round "6"]
[White "Wagner, Robert"]
[Black "Sabirov, Ramil"]
[Result "1-0"]
[Termination "normal"]
[Board "7"]
[WhiteElo "1561"]
[BlackElo "1270"]
[PlyCount "79"]
[WhiteFideId "24656879"]
[BlackFideId "12900303"]
[EventCountry "GER"]
[EventRounds "11"]
[EventType "swiss"]
[EventDate "2008.05.10"]

1. d4 Nf6 2. c4 g6 3. Nc3 d5 4. cxd5 Nxd5 5. e4 Nxc3 6. bxc3 Bg7 7. Nf3 c5 8.
Bb5+ Bd7 9. Bxd7+ Qxd7 10. Be3 Nc6 11. Qd2 Na5 12. O-O Nc4 13. Qd3 b5 14. Rfb1
O-O 15. Rb3 e5 16. Rbb1 Rfd8 17. d5 Nxe3 18. Qxe3 c4 19. Rd1 Qc7 20. a4 a6 21.
a5 Bf8 22. Qg5 Re8 23. Qf6 Qd6 24. Qxd6 Bxd6 25. Rdb1 Rab8 26. Nd2 f5 27. f3
Bc5+ 28. Kh1 Be3 29. Nf1 Bc5 30. Nd2 Bf8 31. Kg1 Rec8 32. Rb2 Bc5+ 33. Kf1 Bd4
34. cxd4 c3 35. Rc2 cxd2 36. Rxd2 b4 37. Rb1 exd4 38. Rxd4 b3 39. Rd2 Rc2 40.
Rxc2 1-0

[Event "DEM U10/U10w 2008"]
[Site "Willingen GER"]
[Date "2008.05.14"]
[Round "6"]
[White "Scholz, Robert"]
[Black "Srokovskiy, Andrea"]
[Result "0-1"]
[Termination "normal"]
[Board "8"]
[WhiteElo "1295"]
[BlackElo "1528"]
[PlyCount "130"]
[WhiteFideId "1270301"]
[BlackFideId "4624947"]
[EventCountry "GER"]
[EventRounds "11"]
[EventType "swiss"]
[EventDate "2008.05.10"]

1. e4 c5 2. Nc3 e6 3. Bc4 a6 4. a4 d6 5. Nf3 Nf6 6. O-O Be7 7. Re1 Nbd7 8. d3
O-O 9. Bd2 Nb6 10. Bb3 Re8 11. a5 Nbd7 12. Ba4 b5 13. axb6 Qxb6 14. Bb3 Ng4 15.
h3 Ngf6 16. Qc1 Ne5 17. Nxe5 dxe5 18. Be3 Bb7 19. Qd2 Red8 20. Kh1 Qc7 21. Bc4
Nxe4 22. Nxe4 Bxe4 23. Rxa6 Rxa6 24. Bxa6 Bxg2+ 25. Kxg2 Qc6+ 26. Kh2 Qxa6 27.
Qc3 Qd6 28. Kg1 Ra8 29. Bd2 Bf6 30. Be3 Rc8 31. Qd2 Rb8 32. b3 Rd8 33. Qc1 Qd5
34. Kh2 Kf8 35. Qa3 Be7 36. Qb2 Bd6 37. Kg1 Qf3 38. Qc3 Rc8 39. Bd2 Qxh3 40.
Re3 Qg4+ 41. Rg3 Qd1+ 42. Kg2 Ra8 43. Rh3 Ra1 44. Be3 Qf1+ 45. Kg3 e4+ 46. Kh4
Be7+ 47. Kg4 f5+ 48. Kf4 Qxh3 49. Bxc5 Qh6+ 50. Ke5 Qf6+ 51. Kf4 Qxc3 52. Bxe7+
Kxe7 53. Ke3 Qxc2 54. b4 Rf1 55. Kd4 Qxd3+ 56. Kc5 Rc1+ 57. Kb6 Qd6+ 58. Kb5
Rb1 59. Kc4 Qc6+ 60. Kd4 Rxb4+ 61. Ke3 f4+ 62. Kxf4 Qc3 63. Kg5 Qf3 64. Kh4 e3+
65. Kg5 Qd5# 0-1

[Event "DEM U10/U10w 2008"]
[Site "Willingen GER"]
[Date "2008.05.14"]
[Round "6"]
[White "Xiong, Ferdinand"]
[Black "Gheng, Christian"]
[Result "1/2-1/2"]
[Termination "normal"]
[Board "9"]
[WhiteElo "1500"]
[BlackElo "1177"]
[PlyCount "34"]
[WhiteFideId "24654132"]
[BlackFideId "24660345"]
[EventCountry "GER"]
[EventRounds "11"]
[EventType "swiss"]
[EventDate "2008.05.10"]

1. e4 c5 2. Nf3 d6 3. d4 cxd4 4. Nxd4 Nf6 5. Nc3 g6 6. Be3 Bg7 7. f3 O-O 8. Qd2
Nc6 9. Bc4 Bd7 10. O-O-O Rc8 11. g4 Nxd4 12. Bxf7+ Rxf7 13. Bxd4 b5 14. h4 b4
15. Ne2 b3 16. axb3 e5 17. Be3 Bxg4 1/2-1/2

[Event "DEM U10/U10w 2008"]
[Site "Willingen GER"]
[Date "2008.05.14"]
[Round "6"]
[White "Richter, Leonard"]
[Black "Hemprich, Iustus"]
[Result "1/2-1/2"]
[Termination "normal"]
[Board "10"]
[WhiteElo "1379"]
[BlackElo "1184"]
[PlyCount "44"]
[WhiteFideId "12900290"]
[EventCountry "GER"]
[EventRounds "11"]
[EventType "swiss"]
[EventDate "2008.05.10"]

1. d4 d5 2. e4 dxe4 3. Nc3 Nf6 4. f3 e3 5. Bxe3 e6 6. Bd3 Bb4 7. Nge2 Nc6 8.
O-O O-O 9. f4 Re8 10. Rf3 Bd7 11. Ne4 Be7 12. Ng5 h6 13. Ne4 Nb4 14. Nxf6+ Bxf6
15. Be4 Bc6 16. Bxc6 Nxc6 17. c3 Ne7 18. g4 Qd5 19. Rg3 g6 20. g5 Bg7 21. gxh6
Bxh6 22. Rh3 Nf5 1/2-1/2

[Event "DEM U10/U10w 2008"]
[Site "Willingen GER"]
[Date "2008.05.14"]
[Round "6"]
[White "von Ehr, Lukas"]
[Black "Hirschmann, Jakob"]
[Result "0-1"]
[Termination "normal"]
[Board "11"]
[WhiteElo "1190"]
[BlackElo "1335"]
[PlyCount "42"]
[BlackFideId "24652067"]
[EventCountry "GER"]
[EventRounds "11"]
[EventType "swiss"]
[EventDate "2008.05.10"]

1. e4 e6 2. d4 d5 3. exd5 exd5 4. Nf3 Nc6 5. c4 Bg4 6. Nc3 dxc4 7. Bxc4 Na5 8.
Be2 Nf6 9. O-O Be7 10. Re1 O-O 11. h3 Bh5 12. Bf4 Re8 13. Nb5 Nd5 14. Bg3 Bb4
15. Rf1 a6 16. Na3 Bxa3 17. bxa3 Nc3 18. Qc2 Nxe2+ 19. Kh2 Bxf3 20. gxf3 Nxd4
21. Qc3 Nac6 0-1

[Event "DEM U10/U10w 2008"]
[Site "Willingen GER"]
[Date "2008.05.14"]
[Round "6"]
[White "Dresig, Moritz"]
[Black "Myagkov, Kirill"]
[Result "0-1"]
[Termination "normal"]
[Board "12"]
[WhiteElo "1181"]
[BlackElo "1582"]
[PlyCount "114"]
[WhiteFideId "1270307"]
[BlackFideId "24657042"]
[EventCountry "GER"]
[EventRounds "11"]
[EventType "swiss"]
[EventDate "2008.05.10"]

1. e4 c5 2. Nc3 Nc6 3. g3 g6 4. Bg2 Bg7 5. d3 Nf6 6. f4 e6 7. Nf3 d5 8. e5 Nd7
9. O-O O-O 10. Ne2 b6 11. c3 Bb7 12. d4 Ba6 13. Rf2 Rb8 14. Be3 Qe7 15. Nc1 Na5
16. Nb3 Nc4 17. Qc1 Rfc8 18. Bf1 b5 19. Bxc4 bxc4 20. Nxc5 Nxc5 21. dxc5 Qb7
22. Nd2 Bf8 23. b4 cxb3 24. Nxb3 Bc4 25. Rb1 Qc7 26. c6 Bxb3 27. axb3 a5 28.
Bd4 Qxc6 29. Rf3 Bc5 30. Bxc5 Qxc5+ 31. Qe3 Qc6 32. Qc1 d4 33. c4 Qxf3 34. Qb2
Rxc4 35. bxc4 Rxb2 36. Rxb2 Qe3+ 37. Rf2 d3 38. Kg2 d2 39. Rf1 d1=Q 40. Rxd1
Qe2+ 41. Kh3 Qxd1 42. c5 Qf1+ 43. Kh4 Qg2 44. Kg4 h5+ 45. Kg5 Qh3 46. c6 Qf5+
47. Kh6 Qc2 48. c7 g5 49. f5 exf5 50. e6 f4 51. Kxh5 Qg6+ 52. Kg4 f5+ 53. Kf3
g4+ 54. Kg2 Qxe6 55. h4 f3+ 56. Kh2 Qe2+ 57. Kg1 Qg2# 0-1

[Event "DEM U10/U10w 2008"]
[Site "Willingen GER"]
[Date "2008.05.14"]
[Round "6"]
[White "Schmid, Floyd"]
[Black "Peters, Tom"]
[Result "0-1"]
[Termination "normal"]
[Board "13"]
[WhiteElo "1156"]
[BlackElo "1472"]
[PlyCount "38"]
[WhiteFideId "24686069"]
[BlackFideId "24694444"]
[EventCountry "GER"]
[EventRounds "11"]
[EventType "swiss"]
[EventDate "2008.05.10"]

1. e4 e5 2. Nf3 Nc6 3. Bc4 Bc5 4. c3 Nf6 5. d4 exd4 6. cxd4 Bb4+ 7. Nc3 Nxe4 8.
O-O Bxc3 9. d5 Ne5 10. Qe2 O-O 11. Nxe5 Bxe5 12. Qxe4 Qf6 13. Bd3 g6 14. Bh6
Re8 15. Rfe1 d6 16. Qe3 Bxh2+ 17. Kxh2 Rxe3 18. Rxe3 Bd7 19. Rae1 Qh4+ 0-1

[Event "DEM U10/U10w 2008"]
[Site "Willingen GER"]
[Date "2008.05.14"]
[Round "6"]
[White "Riehle, Marco"]
[Black "Kasel, Ronaldo"]
[Result "1/2-1/2"]
[Termination "normal"]
[Board "14"]
[WhiteElo "1000"]
[BlackElo "1438"]
[PlyCount "166"]
[WhiteFideId "12904392"]
[BlackFideId "24660949"]
[EventCountry "GER"]
[EventRounds "11"]
[EventType "swiss"]
[EventDate "2008.05.10"]

1. e4 e5 2. Nf3 Nc6 3. d4 exd4 4. Bc4 Bc5 5. c3 dxc3 6. Bxf7+ Kxf7 7. Qd5+ Ke8
8. Qxc5 Qe7 9. Qxc3 Qxe4+ 10. Be3 Qg6 11. O-O d6 12. Re1 Nge7 13. Bg5 Kf7 14.
Bxe7 Nxe7 15. Qxc7 Re8 16. Nc3 Kf8 17. Nb5 Bh3 18. Nh4 Qg5 19. Re3 Qxb5 20.
Rxh3 Qxb2 21. Rf3+ Kg8 22. Rf1 Rac8 23. Qxd6 Qxa2 24. h3 Qa4 25. Nf5 Nxf5 26.
Qd5+ Kh8 27. Qxf5 Qb4 28. Re3 Qf8 29. Qd7 Rb8 30. Rfe1 Rxe3 31. Rxe3 Qd8 32.
Qg4 a5 33. Rg3 Qf8 34. Qd7 b5 35. Qc7 Ra8 36. Qb7 b4 37. Rxg7 Qxg7 38. Qxa8+
Qg8 39. Qxa5 Qc4 40. Qd8+ Kg7 41. Qd7+ Kg6 42. Qe8+ Kf6 43. Qf8+ Ke5 44. Qe7+
Kd4 45. Qe3+ Kd5 46. Qg5+ Kc6 47. Qh6+ Kb5 48. Qxh7 b3 49. Qb7+ Ka4 50. Qa7+
Kb4 51. Qb6+ Ka3 52. Qd6+ Qb4 53. Qa6+ Qa4 54. Qd6+ Ka2 55. Qd1 Qa3 56. Qd5 Qb4
57. Kf1 Qc3 58. h4 Kb1 59. h5 Kc2 60. Ke2 Kb1 61. Qd1+ Ka2 62. h6 Qe5+ 63. Kf1
Qe8 64. Qe2+ Qxe2+ 65. Kxe2 b2 66. h7 b1=Q 67. h8=Q Qe4+ 68. Kd1 Qxg2 69. Qd4
Qf3+ 70. Kc2 Qe2+ 71. Qd2 Qc4+ 72. Kd1+ Kb3 73. Qe3+ Kb4 74. Qb6+ Ka4 75. Kd2
Qd5+ 76. Kc3 Qf3+ 77. Qe3 Qc6+ 78. Kb2 Qb5+ 79. Ka1 Qb3 80. Qe8+ Kb4 81. f4
Qd1+ 82. Kb2 Qd2+ 83. Kb1 Qxf4 1/2-1/2

[Event "DEM U10/U10w 2008"]
[Site "Willingen GER"]
[Date "2008.05.14"]
[Round "6"]
[White "Wiesner, Paula"]
[Black "Padelt, Aaron"]
[Result "1-0"]
[Termination "normal"]
[Board "15"]
[WhiteElo "1364"]
[BlackElo "1023"]
[PlyCount "87"]
[WhiteFideId "24654019"]
[EventCountry "GER"]
[EventRounds "11"]
[EventType "swiss"]
[EventDate "2008.05.10"]

1. e4 e5 2. Nf3 Nc6 3. Bb5 Bc5 4. O-O d6 5. d3 Bg4 6. Nbd2 Nf6 7. c3 Qe7 8. Qc2
O-O 9. h3 Bh5 10. Re1 Rad8 11. d4 exd4 12. cxd4 Nxd4 13. Nxd4 Bxd4 14. Nb3 Bb6
15. Bd2 Qe5 16. Bd3 Rfe8 17. Bc3 Qf4 18. Bd4 Qg5 19. Bxb6 axb6 20. Nd2 Re7 21.
Rf1 Rde8 22. f4 Qg3 23. Rf2 h6 24. Nf1 Qg6 25. e5 Ne4 26. Bxe4 Qe6 27. Bxb7
dxe5 28. fxe5 Qxe5 29. Bf3 Bg6 30. Qd2 c5 31. Re2 Qf6 32. Rae1 Rxe2 33. Rxe2
Rd8 34. Qc3 Qf4 35. Qe5 Qc1 36. Re1 Qc4 37. a3 f6 38. Qe6+ Bf7 39. Qxc4 Bxc4
40. Rd1 Re8 41. Bd5+ Bxd5 42. Rxd5 Kf7 43. Rd6 b5 44. Rb6 1-0

[Event "DEM U10/U10w 2008"]
[Site "Willingen GER"]
[Date "2008.05.14"]
[Round "6"]
[White "Hamacher, Emily"]
[Black "Hoppe, Jonas"]
[Result "0-1"]
[Termination "normal"]
[Board "17"]
[WhiteElo "847"]
[BlackElo "1280"]
[PlyCount "46"]
[EventCountry "GER"]
[EventRounds "11"]
[EventType "swiss"]
[EventDate "2008.05.10"]

1. e4 e5 2. Nc3 Bc5 3. f4 Nc6 4. Nf3 d6 5. Bc4 Nf6 6. d3 Bg4 7. h3 Bxf3 8. Qxf3
Nd4 9. Qd1 Nd7 10. g3 Nf6 11. Be3 Nxc2+ 12. Qxc2 Bxe3 13. Qe2 exf4 14. gxf4
Bxf4 15. Qf3 Be5 16. Nd5 Nxd5 17. Bxd5 O-O 18. Bxb7 Rb8 19. Bd5 Rxb2 20. Rd1
Qh4+ 21. Kf1 Bd4 22. Re1 Rf2+ 23. Qxf2 Qxf2# 0-1

[Event "DEM U10/U10w 2008"]
[Site "Willingen GER"]
[Date "2008.05.14"]
[Round "6"]
[White "Baskin, Robert"]
[Black "Lagunov, Rafael"]
[Result "1/2-1/2"]
[Termination "normal"]
[Board "18"]
[WhiteElo "1186"]
[BlackElo "1150"]
[PlyCount "111"]
[WhiteFideId "24662402"]
[BlackFideId "24652644"]
[EventCountry "GER"]
[EventRounds "11"]
[EventType "swiss"]
[EventDate "2008.05.10"]

1. e4 c5 2. Nf3 e6 3. d4 cxd4 4. Nxd4 Qb6 5. Nc3 Bc5 6. Na4 Qa5+ 7. c3 Bxd4 8.
Qxd4 Nf6 9. f3 Nc6 10. Qd1 d6 11. b4 Qe5 12. Bd3 b5 13. f4 Qh5 14. Qxh5 Nxh5
15. Bxb5 Bd7 16. O-O a6 17. Bxc6 Bxc6 18. Nb6 Rb8 19. Nc4 Ke7 20. Nd2 Rhc8 21.
Bb2 Nf6 22. Rae1 a5 23. a3 d5 24. e5 Ne4 25. Nb3 Bb5 26. Rf3 a4 27. Nd4 Bc4 28.
f5 Bb3 29. fxe6 fxe6 30. Ref1 Ng5 31. Rf4 Rf8 32. Rxf8 Rxf8 33. Rxf8 Kxf8 34.
h4 Nf7 35. Nxe6+ Kg8 36. Nc5 Nxe5 37. b5 Nc4 38. Bc1 Kf7 39. Bg5 Ke8 40. h5 h6
41. Bh4 Nb6 42. Kf2 Bd1 43. Ne6 Kf7 44. Nf4 Ke8 45. Ke1 Bg4 46. Bf2 Nc4 47.
Nxd5 Nxa3 48. b6 Bc8 49. Bc5 Nc4 50. Nb4 Bb7 51. g4 Kd7 52. Bd4 a3 53. Bxg7 Bf3
54. Bxh6 Bxg4 55. Bf4 Nxb6 56. h6 1/2-1/2

[Event "DEM U10/U10w 2008"]
[Site "Willingen GER"]
[Date "2008.05.14"]
[Round "6"]
[White "Storch, Domenic"]
[Black "Greßmann, Moritz"]
[Result "0-1"]
[Termination "normal"]
[Board "19"]
[WhiteElo "1338"]
[BlackElo "1172"]
[PlyCount "48"]
[WhiteFideId "16200470"]
[BlackFideId "24695084"]
[EventCountry "GER"]
[EventRounds "11"]
[EventType "swiss"]
[EventDate "2008.05.10"]

1. d4 Nf6 2. c4 g6 3. Nc3 Bg7 4. e4 d6 5. f3 O-O 6. Be3 e5 7. d5 c6 8. Rc1 Ne8
9. Rc2 f5 10. Bd3 f4 11. Bf2 Nd7 12. Nge2 Ndf6 13. O-O g5 14. Kh1 h5 15. Rg1 g4
16. Bh4 Qd7 17. Qd2 gxf3 18. gxf3 Qh3 19. Bxf6 Qxf3+ 20. Rg2 Bh3 21. Nxf4 Bxg2+
22. Nxg2 Qxf6 23. Rc1 Bh6 24. Ne3 Qf3+ 0-1

[Event "DEM U10/U10w 2008"]
[Site "Willingen GER"]
[Date "2008.05.14"]
[Round "6"]
[White "Allin, Alexander"]
[Black "Berkov, Mikhail"]
[Result "1-0"]
[Termination "normal"]
[Board "20"]
[WhiteElo "1156"]
[BlackElo "1402"]
[PlyCount "47"]
[WhiteFideId "12903698"]
[BlackFideId "24678783"]
[EventCountry "GER"]
[EventRounds "11"]
[EventType "swiss"]
[EventDate "2008.05.10"]

1. e4 e5 2. Nf3 Nc6 3. Bc4 Bc5 4. c3 Nf6 5. d3 d6 6. Bb3 h6 7. h3 Be6 8. Nbd2
Qe7 9. Ba4 Bd7 10. Nf1 O-O 11. g4 Nh7 12. Ng3 f6 13. Nf5 Bxf5 14. gxf5 Rfd8 15.
Bb3+ Kh8 16. Nh4 Nf8 17. Rg1 Qe8 18. Qg4 Rd7 19. Bxh6 Qe7 20. Be3 Bxe3 21. fxe3
Qe8 22. O-O-O Na5 23. Ng6+ Nxg6 24. Qh5# 1-0

[Event "DEM U10/U10w 2008"]
[Site "Willingen GER"]
[Date "2008.05.14"]
[Round "6"]
[White "Dürr, Florian"]
[Black "Petermann, Tessa"]
[Result "1-0"]
[Termination "normal"]
[Board "21"]
[WhiteElo "1325"]
[BlackElo "1124"]
[PlyCount "127"]
[WhiteFideId "24659134"]
[BlackFideId "12929492"]
[EventCountry "GER"]
[EventRounds "11"]
[EventType "swiss"]
[EventDate "2008.05.10"]

1. e4 c5 2. Nf3 d6 3. d4 cxd4 4. Nxd4 Nf6 5. Nc3 Nc6 6. Nb3 g6 7. Be2 Bg7 8.
Be3 O-O 9. O-O a6 10. f3 b5 11. Nd5 Nd7 12. Nd4 Nxd4 13. Bxd4 e6 14. Bxg7 Kxg7
15. Nf4 Qb6+ 16. Kh1 Bb7 17. c3 Rfc8 18. Rc1 Rc6 19. Qd4+ e5 20. Qxb6 Nxb6 21.
Nd3 Rac8 22. Rc2 Nc4 23. Nb4 Ne3 24. Nxc6 Rxc6 25. Rd2 Nxf1 26. Bxf1 Rb6 27. b3
a5 28. c4 bxc4 29. Bxc4 a4 30. Kg1 Ba6 31. Bxa6 Rxa6 32. bxa4 Rxa4 33. Rxd6
Rxa2 34. Rd5 Kf6 35. h4 h6 36. Kh2 Ke6 37. Rb5 Rd2 38. Rb6+ Rd6 39. Rxd6+ Kxd6
40. Kg3 f5 41. h5 f4+ 42. Kg4 g5 43. Kf5 Ke7 44. Kg6 Ke6 45. Kxh6 Kf6 46. Kh7
Kf7 47. h6 Kf8 48. Kg6 Kg8 49. Kxg5 Kh8 50. Kf5 Kh7 51. Kxe5 Kxh6 52. Kxf4 Kg6
53. e5 Kf7 54. Kf5 Ke7 55. e6 Ke8 56. Kf6 Kf8 57. g3 Ke8 58. g4 Kf8 59. g5 Ke8
60. g6 Kf8 61. g7+ Kg8 62. e7 Kh7 63. e8=Q Kh6 64. Qg6# 1-0

[Event "DEM U10/U10w 2008"]
[Site "Willingen GER"]
[Date "2008.05.14"]
[Round "6"]
[White "Engert, Marvin"]
[Black "Mager, Denis"]
[Result "1/2-1/2"]
[Termination "normal"]
[Board "23"]
[WhiteElo "1271"]
[BlackElo "1145"]
[PlyCount "103"]
[WhiteFideId "12901164"]
[BlackFideId "24691127"]
[EventCountry "GER"]
[EventRounds "11"]
[EventType "swiss"]
[EventDate "2008.05.10"]

1. e4 e6 2. d4 b6 3. Nc3 Bb7 4. Nf3 Bb4 5. Bd3 Nf6 6. e5 Nd5 7. Bd2 Bxc3 8.
Bxc3 O-O 9. O-O Nc6 10. Bd2 Nde7 11. c3 d5 12. Qc2 Kh8 13. h4 h6 14. Qc1 Ng8
15. h5 Nce7 16. Nh2 f5 17. exf6 Rxf6 18. Ng4 Rf7 19. Nxh6 Nxh6 20. Bxh6 gxh6
21. Qxh6+ Kg8 22. Qxe6 Qd6 23. Qh3 Bc8 24. Qh1 Bf5 25. Bxf5 Rxf5 26. g4 Rf7 27.
Rae1 Raf8 28. Re2 Rg7 29. Qh3 Rf4 30. f3 Qd7 31. Rg2 Nc6 32. Qh2 Qf7 33. Rg3
Na5 34. g5 Qf5 35. g6 Nc4 36. Re1 Nd6 37. Rf1 Ne4 38. Rh3 Ng5 39. Kg2 Nxh3 40.
Qxh3 Qxh3+ 41. Kxh3 Re7 42. Kg3 Rf6 43. Kg4 Re2 44. Kg5 Rfe6 45. f4 Rg2+ 46.
Kh6 Rxb2 47. f5 Rf6 48. Kg5 Rf8 49. f6 Rg2+ 50. Kh6 c5 51. f7+ Kh8 52. Rf2
1/2-1/2

[Event "DEM U10/U10w 2008"]
[Site "Willingen GER"]
[Date "2008.05.14"]
[Round "6"]
[White "Janke, Hendrik"]
[Black "Birnkraut, Tim"]
[Result "0-1"]
[Termination "normal"]
[Board "24"]
[WhiteElo "999"]
[BlackElo "1235"]
[PlyCount "54"]
[WhiteFideId "12921831"]
[BlackFideId "24609587"]
[EventCountry "GER"]
[EventRounds "11"]
[EventType "swiss"]
[EventDate "2008.05.10"]

1. e4 e5 2. Nf3 Nc6 3. Bc4 Bc5 4. d3 Nf6 5. Nc3 d6 6. h3 Be6 7. Bb3 Qd7 8. O-O
O-O-O 9. Ba4 Rhg8 10. Be3 h6 11. Nb5 a6 12. Bxc5 axb5 13. Bxb5 dxc5 14. a4 g5
15. a5 g4 16. hxg4 Bxg4 17. Kh1 Qd6 18. a6 Kb8 19. axb7 Kxb7 20. Ra6 Bd7 21.
Qa1 Ra8 22. Qa3 c4 23. Qxd6 cxd6 24. Rxa8 Rxa8 25. dxc4 Nxe4 26. Nh4 Ra2 27. f3
Ng3+ 0-1

[Event "DEM U10/U10w 2008"]
[Site "Willingen GER"]
[Date "2008.05.14"]
[Round "6"]
[White "Böhm, Jana"]
[Black "Weber, Sandra"]
[Result "0-1"]
[Termination "normal"]
[Board "26"]
[WhiteElo "1023"]
[BlackElo "1195"]
[PlyCount "44"]
[WhiteFideId "24661589"]
[BlackFideId "1270049"]
[EventCountry "GER"]
[EventRounds "11"]
[EventType "swiss"]
[EventDate "2008.05.10"]

1. e4 e5 2. Nf3 Nc6 3. Bc4 Nf6 4. d3 d5 5. exd5 Nxd5 6. c3 f6 7. O-O Bg4 8. Be3
Qd7 9. Nbd2 O-O-O 10. Qc2 Nxe3 11. fxe3 Na5 12. b4 Nxc4 13. Nxc4 Qxd3 14. Qxd3
Rxd3 15. Rac1 Be6 16. Nfd2 b5 17. Nxe5 Rxd2 18. Nc6 Bd5 19. Nxa7+ Kb7 20. Nxb5
Rxg2+ 21. Kh1 Rg5+ 22. Rf3 Bxf3# 0-1

[Event "DEM U10/U10w 2008"]
[Site "Willingen GER"]
[Date "2008.05.14"]
[Round "6"]
[White "Schmekel, Florian"]
[Black "Wanner, Lukas"]
[Result "0-1"]
[Termination "normal"]
[Board "27"]
[WhiteElo "1182"]
[BlackElo "1001"]
[PlyCount "66"]
[WhiteFideId "12913456"]
[BlackFideId "12918148"]
[EventCountry "GER"]
[EventRounds "11"]
[EventType "swiss"]
[EventDate "2008.05.10"]

1. e4 e5 2. Nf3 Nc6 3. Bc4 Be7 4. d4 d6 5. c3 Nf6 6. Qe2 O-O 7. Bg5 h6 8. Bxf6
Bxf6 9. d5 Ne7 10. O-O Bg4 11. Nbd2 c6 12. dxc6 Nxc6 13. Nb3 Bg5 14. h3 Bh5 15.
Rad1 a6 16. Rd3 b5 17. Bd5 Rc8 18. g4 Bg6 19. Rfd1 Bf4 20. c4 h5 21. c5 Nb4 22.
cxd6 Nxd3 23. Qxd3 Re8 24. d7 Qxd7 25. Nh4 Kh8 26. Na5 hxg4 27. Nxg6+ fxg6 28.
h4 Rc1 29. Rxc1 Bxc1 30. Qc2 Bf4 31. Bc6 Qc7 32. Qd3 Rd8 33. Qb3 Qxa5 0-1

[Event "DEM U10/U10w 2008"]
[Site "Willingen GER"]
[Date "2008.05.14"]
[Round "6"]
[White "Titgemeyer, Eva Maria"]
[Black "Hälterlein, Anna"]
[Result "1-0"]
[Termination "normal"]
[Board "28"]
[WhiteElo "1180"]
[BlackElo "841"]
[PlyCount "105"]
[WhiteFideId "24655350"]
[EventCountry "GER"]
[EventRounds "11"]
[EventType "swiss"]
[EventDate "2008.05.10"]

1. e4 e5 2. Nf3 Nc6 3. Bc4 h6 4. Nc3 Nf6 5. d3 Bb4 6. a3 Ba5 7. b4 Bb6 8. O-O
d6 9. h3 O-O 10. Na4 Bd4 11. Nxd4 Nxd4 12. c3 Nc6 13. Qf3 Be6 14. Qg3 Nh5 15.
Qf3 Nf6 16. Nb2 Qe7 17. Nd1 Bxc4 18. dxc4 Rad8 19. Ne3 Qe6 20. Nd5 Rd7 21.
Nxf6+ Qxf6 22. Qxf6 gxf6 23. Bxh6 Rfd8 24. Rad1 Kh7 25. Be3 Kg6 26. b5 Na5 27.
c5 d5 28. b6 a6 29. bxc7 Rxc7 30. exd5 Rcd7 31. c6 bxc6 32. Bb6 Rb8 33. Bxa5
cxd5 34. c4 d4 35. c5 Rc8 36. Rc1 d3 37. Rfd1 e4 38. c6 Rd5 39. Bb6 Rb5 40. Be3
Kf5 41. g4+ Kg6 42. h4 Ra5 43. h5+ Kg7 44. h6+ Kh7 45. Kg2 f5 46. gxf5 Rxf5 47.
Kg3 Rf6 48. c7 Rg6+ 49. Kh4 f5 50. Kh5 Rgg8 51. Rc5 f4 52. Bxf4 Rg2 53. Rb1 1-0

[Event "DEM U10/U10w 2008"]
[Site "Willingen GER"]
[Date "2008.05.14"]
[Round "6"]
[White "Palm, Sören"]
[Black "Mann, Jonas"]
[Result "1-0"]
[Termination "normal"]
[Board "29"]
[WhiteElo "1261"]
[BlackElo "1081"]
[PlyCount "41"]
[WhiteFideId "12925853"]
[BlackFideId "12900214"]
[EventCountry "GER"]
[EventRounds "11"]
[EventType "swiss"]
[EventDate "2008.05.10"]

1. e4 c5 2. Nf3 d6 3. d4 cxd4 4. Qxd4 Nf6 5. Bg5 Nbd7 6. Nc3 a6 7. O-O-O e6 8.
Qd3 Be7 9. Nd4 O-O 10. f4 Nc5 11. Qf3 Qb6 12. Kb1 Bd7 13. e5 Bc6 14. Nxc6 bxc6
15. exf6 Rab8 16. b3 Bxf6 17. Bxf6 gxf6 18. Rxd6 Rfc8 19. Ne4 Nb7 20. Nxf6+ Kf8
21. Nd7+ 1-0